00310 a2200133 450000100060000002000180000604000260002410000190005024000310006924500260010030000100012636200090013665000310014548307 a9788516055677 cAnchieta - Bela Vista aBlundell, Tony10aCuidado com o menino!lpor10aCuidado com o menino! a38 p.0 a2007 4aLiteratura infanto-juvenil